000 01439nam2a22002411 4500
001 rc\3237665
005 20250609194450.0
035 _a(NLR Aleph) 007474622
090 _a7452226
_c7452226
100 _a20130115g19701971|||y0rusy50 ca
101 0 _arus
102 _aRU
105 _aa z |||||
200 1 _aОбеспечение технологичности конструкции
210 _d1970 [вып. дан. 1971]
_aБ. м.
215 _a53 с.
_cчерт.
320 _aСписок лит.: с. 51 (16 назв.)
461 0 _1001rc\3237663
_12001#$aОсновы конструирования деталей и узлов авиационных двигателей$eУчеб. пособие$eЧ. 1-3$fМВ и ССО СССР. Харьк. авиац. ин-т. Кафедра конструкции и прочности двигателей летат. аппаратов$vЧ. 2
_1700#1$aФрид$bА.М.
_97452211
_aФрид, А.М.
_cХарьков
_d1970
_fМВ и ССО СССР. Харьк. авиац. ин-т. Кафедра конструкции и прочности двигателей летат. аппаратов
_nБ. и.
_oУчеб. пособие : Ч. 1-3
_p3 т.
_tОсновы конструирования деталей и узлов авиационных двигателей
_vЧ. 2
801 0 _aRU
_bNLR
_gpsbo
801 1 _aRU
_bELAR
_2rusmarc
852 _aNLR
_j71-3/3122
942 _cBOOK
980 _aNB